| 000 | 00440nam a2200157 i 4500 | ||
|---|---|---|---|
| 001 | 133901 | ||
| 003 | ES-MaACL | ||
| 005 | 20230906194545.0 | ||
| 007 | t| | ||
| 008 | 070903s1934 fr ||||1| fre d | ||
| 100 | 1 |
_aWaltz, Pierre. _9116028 |
|
| 245 | 1 | 3 |
_aLe monde égéen avant les grecs / _cpar Pierre Waltz. |
| 260 |
_aParis : _bMax Leclerc et Cie., _c1934. |
||
| 300 |
_a206, 12 p. ; _c18 cm. |
||
| 852 |
_aES-MaACL _jA-3214 _bR.14645 |
||
| 999 |
_c133901 _d133901 |
||